Countries with most Esperanto speakers - Statistics

General Stats
  • This quiz has been taken 231 times
  • The average score is 19 of 24
Answer Stats
# speakers Country % Correct
5,847 United States
98%
1,626 China
94%
3,871 Germany
93%
2,298 Russia
93%
6,906 France
92%
2,198 Spain
92%
1,595 United Kingdom
92%
7,314 Brazil
91%
1,033 Canada
91%
1,562 Italy
89%
2,215 Poland
88%
1,069 Mexico
84%
1,439 Japan
83%
729 Argentina
80%
737 Australia
80%
910 Sweden
80%
1,442 Netherlands
73%
1,237 Belgium
71%
694 Ukraine
70%
724 Switzerland
66%
1,997 Hungary
65%
800 Czech Republic
60%
748 Lithuania
35%
968 Iran
31%
No matching quizzes found
Score Distribution
Percent of People with Each Score
Percentile by Number Answered
Your Score History
You have not taken this quiz